000 01030cam a22001934a 4500
005 20250605164056.0
008 250528s ||||||||||||||||||||||||d
035 _a17472
020 _a3929942003
040 _aGR-AtMCL
_bgre
_dGR-AtMCL
_eAACR2
245 1 _aDirectory of European Lawyers - Europaisches Anwaltsverzeichnis - Repertoire Europeen D'Advocats / An Index to International Law firms in Europe
260 _bIpr Verlag,
_c1994
300 _a1252
520 _aIntroduction, Preface, Code of Conduct for Lawyers in the European Community (CCBE), Austria, Belgium, Bulgaria, Croatia, Czech Republic, Denmark, Estonia, Finland, France, Germany, Gibraltar, Guernsey, Iceland, Isle of Man,Italy, Jersey, Latvia, Lithuania, Malta, Monaco, Netherlands, Norway, Poland, Portugal, Romania, Slovakia, Slovenia, Spain, Sweden, Switzerland, United Kingdom, England and Wales, Northern Ireland, Scotland, Yugoslavia, Layer's Index.
700 1 _aSimons Thomas
_93607
942 _cBK
999 _c2882
_d2882